[Event "MLK CCCSA IM 2021"]
[Site "Charlotte"]
[Date "2021.01.16"]
[Round "4.5"]
[White "Cervantes Landeiro, Thalia"]
[Black "Griffith, Kyron"]
[Result "0-1"]
[WhiteElo "2258"]
[BlackElo "2346"]
[Annotator "TA"]
[PlyCount "160"]
[EventDate "2021.01.14"]
[EventType "tourn"]
[EventCountry "USA"]
[SourceTitle "playchess.com"]
[Source "ChessBase"]
[SourceQuality "1"]

{[%evp 12,160,11,17,22,25,27,8,24,-2,10,-12,-12,-49,-54,-89,-88,-83,-81,-97,-65,-100,-74,-86,-85,-102,-71,-128,-108,-112,-106,-112,-114,-108,-147,-92,-52,-83,-91,-86,-86,-187,-177,-173,-97,-93,-93,-90,-97,-196,-198,-284,-295,-297,-300,-269,-270,-704,-679,-640,-353,-618,-622,-565,-482,-484,-464,-400,-424,-585,-559,-655,-640,-548,-254,-254,-254,-254,-254,-293,-286,-291,-291,-292,-278,-287,-285,-277,-272,-262,-250,-331,-308,-311,-285,-285,-283,-279,-278,-253,-247,-266,-239,-437,-414,-387,-371,-414,-396,-1570,-1994,-1687,-1785,-1879,-1763,-1779,-1162,-1850,-1187,-1589,-1521,-1138,-811,-1503,-476,-822,-495,-12840,-416,-356,-309,-283,-263,-12838,-12839,-12839,-12840,-12839,-12839,-12839,-1669,-1465,-1054,-6609,-2177,-1217,0,-12844,-12844,-12847,-12847]} 1. d4 Nf6 2. c4 e6 3. Nf3 b6 4. g3 Bb7 5. Bg2 Be7 6. O-O O-O 7. Re1 a5 {E17: Queen's Indian: 4 g3 Bb7 5 Bg2 Be7.} 8. Nc3 Ne4 9. Nxe4 Bxe4 {The position is equal.} 10. Bf4 d6 {[#]} 11. b3 $146 ({Predecessor:} 11. Bh3 Nd7 12. Qa4 Bf6 13. Rad1 Qe7 14. Nd2 Bb7 15. Nb1 {1-0 (46) Plonczak,D (2214)-Pilzak,M (1974) Poland 2014}) 11... c5 12. dxc5 bxc5 13. Nh4 Bxg2 14. Nxg2 Nc6 15. Qd3 Qb6 16. Red1 (16. Bxd6 $2 Rfd8 $19) 16... Rfd8 17. Qe4 a4 18. h4 h6 19. g4 (19. Ne1 $142) 19... axb3 20. axb3 d5 21. cxd5 exd5 22. Qe3 Rxa1 23. Rxa1 Bf6 24. Rc1 Bd4 25. Qg3 Re8 26. e3 {[#]} (26. g5 $17) 26... Bb2 $1 $19 {[%cal Rb2c1]} 27. Rc2 {[#]} Be5 ({Black should try} 27... Ba3 $1 $19 28. g5 hxg5 29. Bxg5 Ne5) 28. g5 $17 hxg5 ({Of course not} 28... Qxb3 $6 29. Rxc5 Qd1+ 30. Kh2 $11) 29. hxg5 g6 ({Much worse is} 29... Qxb3 $6 30. Rxc5 Qd1+ 31. Kh2 $11) 30. Qh3 (30. Bxe5 $17 {was necessary.} Nxe5 31. Nf4) 30... d4 $19 ({Worse is} 30... Qxb3 31. Rxc5 Qa4 32. Kh2 $14) 31. exd4 (31. e4 $142) 31... Nxd4 32. Bxe5 Rxe5 33. Ra2 {White threatens Ra8+ and mate.} Re8 34. Qd7 $2 (34. Qd3) 34... Rd8 35. Qh3 Qb7 {Hoping for ...Nf3+.} 36. Ra1 $2 (36. Rd2) 36... Nf3+ 37. Kh1 Nxg5 38. Qh4 Rd5 {Threatens to win with ...Nf3.} 39. Re1 {Re8+ would kill now.} Ne6 {And now ...Rh5! would win.} 40. Qg4 Qxb3 {aiming for ...Rg5.} 41. Kg1 Rg5 42. Qe4 Qd5 (42... Nd4 $142 43. f4 Rh5) 43. Qxd5 Rxd5 {[%mdl 4096] Endgame KRN-KRN} 44. Ne3 Rd4 45. Rc1 Kg7 46. Kg2 f5 47. Kf3 Kf6 48. Ra1 Rd6 49. Nc4 Nd4+ 50. Kg2 Rc6 51. f4 Ne6 52. Kg3 g5 53. fxg5+ Nxg5 54. Ra8 {and the idea Rf8+ leaves White hopeful.} Ne6 55. Kf3 Rc7 56. Ra6 Rb7 57. Nd6 $2 (57. Nd2) 57... Rb3+ 58. Kf2 Rb4 59. Rc6 f4 60. Rc8 $2 (60. Ra6) 60... Ke5 61. Nf7+ Kd5 62. Nh6 Rb2+ 63. Kf3 Rb3+ 64. Kf2 Ke4 65. Re8 Rb2+ 66. Ke1 Kd5 67. Ng4 Nd4 (67... c4 $142 68. Nf6+ Ke5 69. Ng4+ Kd6) 68. Rd8+ (68. Nf6+ $142 Kc4 69. Kf1) 68... Kc4 69. Rf8 (69. Ne5+ $142 Kc3 70. Kf1) 69... Ne6 (69... Nc2+ $142 70. Kf2 Nd4+ 71. Kf1 Ne6) 70. Re8 Kd5 71. Nf6+ Ke5 72. Nh5 $2 (72. Ng4+ Kd6 73. Nf6) 72... Kf5 73. Kf1 c4 74. Rc8 Rc2 75. Ke1 Ke5 (75... Kg5 $142 76. Re8 Kf5) 76. Kd1 Rc3 77. Kd2 Rd3+ 78. Kc1 c3 $2 (78... f3 $19 {( -> ...f2)} 79. Ng3 f2) 79. Kc2 $2 {[%mdl 8192]} (79. Nxf4 $11 Nxf4 80. Kc2) 79... Rh3 80. Ra8 Nd4+ {Weighted Error Value: White=0.54/Black=0.20} 0-1

[Event "MLK CCCSA IM 2021"]
[Site "Charlotte"]
[Date "2021.01.17"]
[Round "5.1"]
[White "Martin Del Campo C., Roberto"]
[Black "Vivekananthan, Anish"]
[Result "0-1"]
[WhiteElo "2296"]
[BlackElo "2326"]
[Annotator "TA"]
[PlyCount "64"]
[EventDate "2021.01.14"]
[EventType "tourn"]
[EventCountry "USA"]
[SourceTitle "playchess.com"]
[Source "ChessBase"]
[SourceQuality "1"]

{[%evp 9,64,3,4,11,7,0,14,16,18,-22,0,0,0,0,8,0,19,14,77,77,62,-12,124,114,89,20,69,-76,-83,-104,-68,-143,-132,-205,-198,-292,-289,-319,-165,-479,-470,-497,-469,-489,-493,-570,-555,-581,-572,-764,-761,-2277,-2151,-29994,-29995,-29995,-29994]} 1. e4 e5 2. Nf3 Nc6 3. Bb5 Nf6 4. d4 Nxd4 5. Nxd4 c6 6. Bc4 {C65: Ruy Lopez: Berlin Defence (3...Nf6), unusual lines and 4 0-0 Bc5.} exd4 7. Qxd4 Qb6 {[#]} 8. Qe5+ $146 {The position is equal.} ({Predecessor:} 8. Qxb6 axb6 9. Bd3 d5 10. exd5 Nxd5 11. c3 Bd6 12. O-O O-O 13. Rd1 Bg4 14. f3 {0-1 (57) Kosteniuk,A (2471)-Lysyj,I (2594) chess.com INT 2020}) 8... Be7 9. Be3 Qb4+ 10. Nd2 d6 11. Qg3 O-O $132 {[%mdl 2048] And now ...Nxe4 would win. Black puts up resistance} 12. O-O-O b5 ({Of course not} 12... Nxe4 $6 13. Nxe4 Qxc4 14. Bh6 $1 $16) (12... Nh5 $5 13. Qf3 $8 Nf6 $11) 13. Bb3 Re8 {[#]} (13... Nh5 $11 14. Qf3 Nf6) 14. a3 $1 $16 {[%cal Ra3b4]} Qa5 15. f4 ({Better is} 15. Bd4 $14) 15... Nd7 (15... b4 $11 {keeps the balance.}) 16. Bd4 {[%csl Gd4][%cal Rg3g7]} Bf8 17. Bc3 ({White should try} 17. f5 $16) 17... Qc7 18. e5 {[#]} (18. f5 $14) 18... d5 $1 $17 19. f5 Nc5 ({Weaker is} 19... Nxe5 20. f6 $14) 20. f6 (20. Qf2 $15) 20... g6 21. Rde1 (21. Rhe1 $17 {keeps fighting.}) 21... Be6 $19 22. Qf4 (22. h4 $142 h5 23. Bb4) 22... a5 23. Kd1 a4 (23... b4 $142 24. Bd4 Nxb3 25. Nxb3 c5) 24. Ba2 $2 (24. Bb4) 24... d4 {[%mdl 64] Discovered Attack} 25. Bxd4 Bxa2 26. Bxc5 Bxc5 27. h4 Rad8 28. Kc1 {Now h5 and White clings on.} Rd4 29. Qh2 h5 30. c3 {[#]} Rxd2 $1 31. Kxd2 (31. Qf4 Red8) 31... Qd7+ 32. Kc1 Qd3 {Weighted Error Value: White=0.73/Black=0.17} 0-1

[Event "MLK CCCSA IM 2021"]
[Site "Charlotte"]
[Date "2021.01.17"]
[Round "5.2"]
[White "Wang, Tianqi"]
[Black "Cervantes Landeiro, Thalia"]
[Result "1/2-1/2"]
[WhiteElo "2256"]
[BlackElo "2258"]
[Annotator "TA"]
[PlyCount "27"]
[EventDate "2021.01.14"]
[EventType "tourn"]
[EventCountry "USA"]
[SourceTitle "playchess.com"]
[Source "ChessBase"]
[SourceQuality "1"]

{[%evp 9,27,20,21,0,0,0,0,-12,-10,-22,0,8,17,4,13,0,13,-4,7,-4]} 1. e4 c5 2. Nc3 a6 3. g3 Nc6 4. Bg2 g6 5. d3 Bg7 {The position is equal.} 6. Nh3 {B24: Closed Sicilian: 3 g3 sidelines.} e6 7. O-O Nge7 8. Bg5 d6 9. Qd2 O-O 10. Bh6 {[#]} Rb8 $146 ({Predecessor:} 10... b5 11. Bxg7 Kxg7 12. f4 Bd7 13. g4 f5 14. g5 Rc8 15. Rae1 b4 16. Nd1 a5 {0-1 (40) Enxing,P (1494)-Garbuz,V (1743) Verden 2015}) 11. Bxg7 Kxg7 12. Nf4 b5 13. Nfe2 Nd4 14. Nxd4 {Not much happened in this game.  Weighted Error Value: White=0.07/Black=0.07} 1/2-1/2

[Event "MLK CCCSA IM 2021"]
[Site "Charlotte"]
[Date "2021.01.17"]
[Round "5.3"]
[White "Griffith, Kyron"]
[Black "Ezra Paul Chambers"]
[Result "1-0"]
[WhiteElo "2346"]
[BlackElo "2217"]
[Annotator "TA"]
[PlyCount "113"]
[EventDate "2021.01.14"]
[EventType "tourn"]
[EventCountry "USA"]
[SourceTitle "playchess.com"]
[Source "ChessBase"]
[SourceQuality "1"]

{[%evp 9,113,-1,8,-11,19,9,22,5,0,0,12,12,7,0,18,0,3,-26,-30,-61,-39,-58,-43,-50,-47,-43,-37,-72,-25,-86,-43,-102,-64,-70,-57,-62,-55,-42,-45,-81,-103,-84,-47,-68,-69,-87,-51,-98,-12,-18,-15,-22,0,0,0,-142,-142,-142,-139,-139,-126,-107,0,0,0,0,0,0,0,0,34,39,93,95,98,95,195,191,191,191,202,206,208,163,350,339,406,406,406,391,391,384,356,22,380,355,387,385,378,352,335,317,417,413,985,963]} 1. e4 c6 2. Nf3 d5 3. d3 dxe4 4. dxe4 Qxd1+ 5. Kxd1 g6 6. c3 {B10: Caro-Kann: 2 d3 and 2 c4.} Bg7 7. Nfd2 Nd7 {[#]} 8. a4 $146 {The position is equal.} ({Predecessor:} 8. f3 f5 9. exf5 gxf5 10. Kc2 Ngf6 11. Nb3 Nd5 12. a4 Ne5 13. Nd4 f4 14. Na3 {0-1 (51) Alekseenko,K (2704)-Dreev,A (2677) Moscow 2019}) 8... Nh6 9. f3 f5 10. exf5 Nxf5 11. Ne4 Ne5 12. Na3 Nd6 13. Nf2 Be6 14. Ke1 Bb3 15. a5 O-O 16. Nd3 Nd7 17. Be3 b6 18. Be2 bxa5 19. Bd1 (19. Kf2 $11) 19... a4 (19... Bd5 {keeps more tension.} 20. Bc2 Nf5 21. Bf2 e5 22. Nc5 Nxc5 23. Bxc5 Rfb8) 20. Nc1 (20. Ke2 $15) 20... Rfb8 (20... Bd5 {is interesting.} 21. Bxa4 Rab8 22. Nd3 Rxb2 23. Nxb2 Bxc3+ 24. Ke2 Bxb2 25. Rad1 Nb6) 21. Nxb3 axb3 22. Be2 a5 23. Kf2 a4 24. Rhd1 Nf6 25. Bd4 Kf8 26. g3 Nfe8 27. h4 Nb5 28. Bc5 Be5 (28... Bxc3 $17 29. Nc4 (29. bxc3 $2 b2 $17) 29... Ned6 $1 30. bxc3 (30. Bxd6 $2 exd6 31. bxc3 a3 $19) 30... Nxc4 31. Bxc4 b2) 29. Nc4 $11 Bd6 30. Nxd6 exd6 (30... Nexd6 {feels hotter.} 31. c4 Nc3 32. Rxd6 exd6 33. Bxd6+ Kf7) 31. Bxb5 cxb5 32. Bxd6+ (32. Ba3 $11 {keeps the balance.}) 32... Nxd6 $17 33. Rxd6 {[#]} Rd8 $1 {[%cal Rd8d6]} 34. Rxd8+ Rxd8 {[%mdl 4096] Endgame KR-KR} 35. Ke2 Ke7 (35... Rc8 $17 {aiming for ...Rxc3!} 36. Kd3 Kf7) 36. c4 $11 Ra8 {White must now prevent ...b4.} 37. cxb5 {Threatens to win with Kd3.} Kd6 38. Rc1 Ra5 39. b6 Rb5 (39... Re5+ {looks sharper.} 40. Kd3 Rd5+ 41. Ke3 Re5+ 42. Kd2 Rd5+) 40. Ra1 Rxb6 (40... Ra5 $14) 41. Rxa4 $16 Rc6 42. Rd4+ Ke5 {[#]} (42... Kc5 $16 43. Rd3 Kb4) 43. Ke3 $1 $18 Rb6 44. g4 h6 45. f4+ Ke6 46. Ra4 Kf6 $2 (46... h5 {was necessary.}) 47. Ra5 Ke6 48. h5 gxh5 49. Rxh5 Kf7 50. Rf5+ Kg6 51. Kd4 $2 ({White should play} 51. Rc5 $18) 51... Rb8 $2 {[%mdl 8192]} (51... Rb4+ $1 $11 {and Black has nothing to worry.} 52. Ke3 Rb7) 52. Kc3 Rb6 53. Rc5 Rb8 54. Rc6+ Kg7 55. Rc4 Re8 56. Kxb3 Re3+ (56... Kf7 $142 57. Kc3 Re3+ 58. Kb4 Rh3) 57. Ka4 {Quite a comeback for White.  Weighted Error Value: White=0.25/Black=0.35} 1-0

[Event "MLK CCCSA IM 2021"]
[Site "Charlotte"]
[Date "2021.01.17"]
[Round "5.4"]
[White "Andrianov, Nikolai"]
[Black "Oberoi, Shelev"]
[Result "1-0"]
[WhiteElo "2384"]
[BlackElo "2180"]
[Annotator "TA"]
[PlyCount "58"]
[EventDate "2021.01.14"]
[EventType "tourn"]
[EventCountry "USA"]
[SourceTitle "playchess.com"]
[Source "ChessBase"]
[SourceQuality "1"]

{[%evp 22,58,47,14,24,10,26,-26,-22,-29,0,-21,60,47,85,63,98,91,103,105,97,83,161,18,12,11,8,8,17,-223,212,212,207,225,389,323,650,666,29995]} 1. d4 Nf6 2. Nf3 g6 3. g3 Bg7 4. Bg2 O-O 5. O-O d6 6. c4 Nc6 7. Nc3 e5 8. d5 Ne7 9. e4 Nd7 10. Ne1 f5 11. Nd3 Nf6 12. f4 exf4 {E62: King's Indian: Fianchetto: 6...c6 and Panno Variation (6...Nc6) without ...a6.} (12... fxe4 {keeps more tension.} 13. Nxe4 Nxe4 14. Bxe4 c6 15. dxc6 exf4 16. cxb7 Bxb7 17. Bxb7 Qb6+) 13. Nxf4 c6 14. c5 (14. Be3 $142) 14... fxe4 $11 {[#] Black has an edge.} 15. dxc6 $146 ({Predecessor:} 15. cxd6 Qxd6 16. Nxe4 Nxe4 17. Bxe4 Bf5 18. Bxf5 Rxf5 19. dxc6 Qc5+ 20. Kg2 Qxc6+ 21. Qf3 {1-0 (29) Barp,A (2366)-Arakhamia Grant,K (2380) Chess.com INT 2020}) 15... Nxc6 (15... bxc6 $5 {[%cal Rd6d5]} 16. cxd6 Nf5 $11) 16. cxd6 Qb6+ ({Black should play} 16... Bg4 $11 17. Qb3+ Kh8) 17. Kh1 $14 Bg4 18. Nfd5 Nxd5 19. Qxd5+ Kh8 {( -> ...Rxf1+)} 20. Rxf8+ $1 (20. Qxe4 $6 Rxf1+ 21. Bxf1 Bf5 $11) 20... Rxf8 21. Nxe4 Nd4 {[#]} (21... Qb4 $16 {is a better defense.} 22. Bf4 Qxb2) 22. Ng5 (22. Bd2 $1 $18) 22... h6 $1 $11 {[%cal Rh6g5]} ({Don't blunder} 22... Ne2 $2 23. Bd2 $18) 23. Nf7+ {[%mdl 64] Double Attack, Discovered Attack} Kh7 {aiming for ...Be6.} 24. d7 $36 {[%mdl 2048] White has some pressure.} Ne6 25. Ne5 $2 {[#]} (25. h3 $11 Bf5 26. g4 Bxg4 27. Nxh6 (27. hxg4 Rxf7 28. Bd2 Qd8 $11)) 25... Qb4 $4 {[%mdl 8192]} (25... Bxe5 $1 $19 {and life is good for Black.} 26. Bxh6 (26. Qxe5 {is a self mate.} Rf1+ {[%mdl 64] Deflection, Promotion} 27. Bxf1 Bf3+ 28. Bg2 Qf2 29. Qh8+ {[%mdl 64] Decoy} Kxh8 30. d8=Q+ Nxd8 31. Bxf3 Qf1#) 26... Qxb2) 26. Bd2 $18 Qxb2 27. Re1 Bxe5 $2 (27... Rf5) 28. Rxe5 {Hoping for h3.} Rd8 $2 (28... Ng7 29. Re7 Bxd7 30. Qxd7 Rf2) 29. h3 Nc7 {Accuracy: White = 65%, Black = 38%.} 1-0

[Event "MLK CCCSA IM 2021"]
[Site "Charlotte"]
[Date "2021.01.17"]
[Round "5.5"]
[White "Matros, Alexander"]
[Black "Colas, Joshua"]
[Result "0-1"]
[WhiteElo "2405"]
[BlackElo "2288"]
[Annotator "TA"]
[PlyCount "102"]
[EventDate "2021.01.14"]
[EventType "tourn"]
[EventCountry "USA"]
[SourceTitle "playchess.com"]
[Source "ChessBase"]
[SourceQuality "1"]

{[%evp 9,102,27,23,28,38,4,13,9,19,15,42,4,41,4,19,-7,-5,-21,-20,-22,-2,-6,-10,-16,0,-14,-5,-41,-33,-82,-41,-52,-44,-41,-32,-35,-35,-61,12,-38,-22,-256,-253,-246,-213,-229,-230,-279,-276,-292,-280,-266,-251,-2031,-1995,-2007,-1966,-1851,-1640,-1494,-1385,-9270,-7132,-6387,-6123,-5110,-5081,-29968,-6115,-29982,-29983,-29983,-29984,-29985,-29986,-29988,-29989,-29989,-29990,-29990,-29991,-29991,-29991,-29993,-29991,-29990,-29991,-29991,-29992,-29992,-29993,-29992,-29993,-29994,-29995]} 1. d4 d5 2. c4 e6 3. Nc3 a6 4. cxd5 exd5 5. Nf3 Nf6 6. Bg5 {D37: Queen's Gambit Declined: 5 Bf4.} Be6 7. Bxf6 Qxf6 8. Qb3 {The position is equal.} b6 9. e3 ({Much weaker is} 9. Nxd5 Qd8 $15) 9... Qd8 {[#]} 10. Ne5 $146 ({Predecessor:} 10. Be2 Bd6 11. O-O O-O 12. Qc2 Nd7 13. Bd3 Nf6 14. e4 dxe4 15. Nxe4 h6 16. Nxd6 Qxd6 {1-0 (58) Nastase,A-Panainte,A Voineasa 2010}) 10... c6 11. Be2 Bd6 12. Nd3 O-O 13. Bf3 Nd7 14. O-O Qf6 15. Ne2 g5 16. Ng3 g4 17. Be2 c5 {...c4 is the strong threat.} 18. dxc5 (18. Nf4 $5) 18... bxc5 {aiming for ...c4.} 19. Qc3 Qxc3 (19... c4 {is more complex.} 20. Nf4 Bxf4 21. exf4 d4 22. Qd2 d3) 20. bxc3 c4 21. Nf4 Nf6 22. f3 Bc5 $36 {[%mdl 2048] Black has the initiative.} 23. Kf2 Rfe8 (23... Rae8 $15 24. Rad1 gxf3 25. gxf3 Bd7 26. Nxd5 Nxd5 27. Rxd5 Bxe3+ 28. Kg2 Be6) 24. Rfd1 Rab8 25. Rab1 $2 {This move loses the game for White.} (25. Ngh5 $11 {and White has nothing to worry.} Nxh5 26. Nxh5 gxf3 27. Nf6+ Kf8 28. Bxf3 Rb2+ 29. Ke1) 25... Rxb1 $19 26. Rxb1 {[#]} Bxe3+ $1 {[%mdl 512]} 27. Kxe3 Bf5+ $1 28. Ne4 Nxe4 ({Don't take} 28... Bxe4 29. Rb6 $17) 29. fxe4 Rxe4+ 30. Kd2 {Black must now prevent Rb8+.} Rxf4 {[%mdl 64] Discovered Attack} 31. Rf1 (31. Rb8+ Kg7 32. Ke3 Re4+ 33. Kd2) 31... Rxf1 32. Bxf1 Bd3 33. Bxd3 cxd3 34. Kxd3 {[%mdl 4096] Endgame [#] KP-KP} f5 $1 {[%cal Rf5f4]} 35. c4 dxc4+ 36. Kxc4 Kf7 37. Kd5 Kf6 38. g3 f4 39. gxf4 {K3P-K3P} Kf5 {Black mates.} 40. a4 h5 41. a5 h4 42. Kc6 g3 43. hxg3 hxg3 {KPP-KPP} 44. Kb6 g2 45. Kxa6 g1=Q 46. Kb7 Qb1+ 47. Kc6 Qb8 48. a6 Kxf4 49. Kc5 Ke4 50. Kc6 Kd4 51. Kd7 Kd5 {Weighted Error Value: White=0.67/Black=0.12} 0-1

[Event "MLK CCCSA IM 2021"]
[Site "Charlotte"]
[Date "2021.01.17"]
[Round "6.1"]
[White "Vivekananthan, Anish"]
[Black "Andrianov, Nikolai"]
[Result "1/2-1/2"]
[WhiteElo "2326"]
[BlackElo "2384"]
[Annotator "TA"]
[PlyCount "50"]
[EventDate "2021.01.14"]
[EventType "tourn"]
[EventCountry "USA"]
[SourceTitle "playchess.com"]
[Source "ChessBase"]
[SourceQuality "1"]

{[%evp 21,50,18,44,43,39,35,38,43,41,15,20,11,23,5,8,0,0,0,0,0,0,0,0,0,0,0,0,0,0,0,0]} 1. d4 d5 2. c4 c6 3. cxd5 cxd5 4. Nc3 Nf6 5. Nf3 Nc6 6. Bf4 a6 7. Ne5 e6 8. e3 Nxe5 9. Bxe5 Be7 10. Bd3 O-O 11. O-O b5 12. a4 {D13: Slav Defence: Exchange variation without ...Bf5.} b4 13. Ne2 {[#]} a5 $146 ({Predecessor:} 13... Ng4 14. Bg3 Bd6 15. Qd2 Bxg3 16. Nxg3 a5 17. f3 Nf6 18. Rfc1 Bb7 19. Rc2 Qd6 20. Rac1 Rfc8 21. Bb5 g6 22. Ne2 Rxc2 23. Rxc2 Kg7 24. Nf4 {½-½ (24) Sprumont,O (2009)-Perez Rodriguez,L (2372) Montreal 2016}) 14. Rc1 {White is slightly better.} Bd6 15. Bxd6 Qxd6 16. b3 Bb7 17. Qd2 Rfc8 {The position is equal.} 18. Rxc8+ Rxc8 19. Rc1 Rxc1+ 20. Qxc1 Qc6 21. f3 Qxc1+ 22. Nxc1 Bc6 23. Kf2 Kf8 24. h4 h6 25. g4 Ke7 {White took control after the opening. Accuracy: White = 91%, Black = 100%.} 1/2-1/2

[Event "MLK CCCSA IM 2021"]
[Site "Charlotte"]
[Date "2021.01.17"]
[Round "6.2"]
[White "Oberoi, Shelev"]
[Black "Matros, Alexander"]
[Result "1-0"]
[WhiteElo "2180"]
[BlackElo "2405"]
[Annotator "TA"]
[PlyCount "127"]
[EventDate "2021.01.14"]
[EventType "tourn"]
[EventCountry "USA"]
[SourceTitle "playchess.com"]
[Source "ChessBase"]
[SourceQuality "1"]

{[%evp 9,127,-10,0,-23,-44,-40,-31,-33,-36,-29,-31,-35,-34,-70,-78,-78,-75,-271,-210,-219,-123,-119,-106,-123,23,-106,160,0,0,0,20,0,206,204,188,77,80,51,349,100,172,161,222,204,200,196,179,102,151,95,448,269,441,235,270,255,256,260,252,258,299,299,293,274,232,194,194,196,268,256,245,233,29988,29989,29989,29990,29994,29995,29995,29989,29989,29986,29986,29987,29987,29988,29988,1939,1591,560,553,549,548,538,513,477,12848,12848,12849,12849,12847,12850,29936,717,596,430,12847,29938,29938,29939,29940,12847,29984,29985,29985,29986,29986,29987,29990,29991]} 1. e4 d6 2. d4 Nf6 3. Nc3 e5 4. Nf3 Nbd7 5. g4 Nxg4 6. Rg1 {C41: Philidor Defence.} (6. Bg5 $5 {[%cal Rg5d8]} Ngf6 7. Qd2 $11) 6... Ngf6 7. Bc4 {7.Be3 is the fancy move.} h6 8. Be3 {Black is slightly better.} c6 9. Qd3 b5 {[%cal Bb7b5,Bb5b4][%mdl 32]} 10. Bb3 Qa5 {[#]} 11. Nd2 $146 ({Predecessor:} 11. dxe5 dxe5 12. Nh4 Ba6 13. Qd2 Nb6 14. Nf5 b4 15. Nd6+ Bxd6 16. Qxd6 bxc3 17. O-O-O cxb2+ {1-0 (26) Mroziak,M (2369)-Bosiocic,M (2602) Tornelo INT 2020}) 11... Ba6 12. Ne2 d5 {White must now prevent ...dxe4.} 13. Ng3 (13. c3 $17) 13... b4 14. c4 c5 (14... bxc3 $1 $19 15. Qxc3 Qxc3 16. bxc3 Nxe4 17. Ndxe4 dxe4) 15. dxe5 $17 Nxe5 16. Qe2 dxe4 (16... d4 $17 17. Bf4 Ng6) 17. Ndxe4 (17. O-O-O $1 $11 {remains equal.} O-O-O 18. Ndxe4) 17... Nxe4 $4 {[%mdl 8192]} (17... O-O-O $1 $17 {stays on course. Hoping for ...Bb7.} 18. Nxf6 gxf6) 18. Bf4 $2 (18. O-O-O $1 $16 Nxg3 19. Rxg3) 18... O-O-O $11 19. Bxe5 Ng5 {And now ...Bb7 would win.} 20. h4 $40 {[%mdl 128] White has some attack.} f6 21. Bf4 $18 ({Worse is} 21. hxg5 fxe5 22. gxh6 Rxh6 $15) 21... Bd6 22. hxg5 (22. Qg4+ $1 $18 {is the precise move to win.} Kb7 23. Bxd6 (23. hxg5 Bxf4 24. Qxf4 hxg5 $16) 23... Rxd6 24. hxg5 hxg5 25. Ne4) 22... Bxf4 $16 23. Qg4+ {[%mdl 64] Double Attack} Rd7 $2 {[%mdl 8192]} ({Black should play} 23... Kb7 $1 $14 24. Qf3+ (24. Qxf4 hxg5 25. Qf3+ Kb8 $16) 24... Kc8) 24. Qxf4 $2 (24. Rd1 $18 {has better winning chances.} f5 25. Qxf4 Re8+ 26. Kf1 Rxd1+ 27. Bxd1) 24... Re8+ (24... hxg5 $16 25. Qf5 Kc7) 25. Kf1 $18 fxg5 (25... hxg5 {might work better.} 26. Qg4 Kc7) 26. Qf5 Kc7 27. Ne4 Bc8 {Threatens to win with ...Rd1+!} 28. Qg6 (28. Qf3 $18) 28... Re5 29. Re1 (29. f4 $142 gxf4 30. Rd1) 29... Rde7 {[%mdl 8192]} (29... Qb6 $16 {is more resistant.} 30. Qxb6+ axb6) 30. Qd6+ Kb7 {[#]} 31. Rg3 R7e6 (31... Rxe4 $2 32. Rxe4 Rd7 33. Qf8 $18) 32. Qd3 Qc7 33. Rge3 Kb8 34. Ng3 Qe7 35. Rxe5 Rxe5 36. Rxe5 Qxe5 37. Qe3 Qxb2 38. Qxc5 Qa1+ (38... Qc1+ $142 39. Kg2 Bb7+ 40. Kh2 Qf4) 39. Kg2 {Strongly threatening Qd6+.} Bb7+ {[#]} 40. Kh2 $1 {White wants to mate with Qd6+.} Qc3 $2 (40... a5 $18 41. Bc2 Qf6) 41. Qd6+ Kc8 42. c5 {[%cal Rb3e6]} Bf3 43. Be6+ Kb7 44. Nf5 Qc2 45. Bd5+ Bxd5 46. Qxd5+ Ka6 47. Kg2 Qe2 48. Ne3 (48. Nd6 $142 Qg4+ 49. Kf1 Qh3+ 50. Ke1 Qd7 51. c6 Qe7+ 52. Kd2 Qxd6 53. Qxd6) 48... g4 49. Qe6+ (49. Qc6+ $142 Ka5 50. Qd7) 49... Kb5 50. Qd7+ Kxc5 51. Qxa7+ Kb5 52. Qd7+ Kc5 (52... Ka5 $142 53. Qxg7 Qf3+ 54. Kg1 Qe4 55. Qxh6 g3 56. Qg5+ Ka4 57. Qxg3 Qb1+ 58. Kg2 Qxa2) 53. Qd5+ Kb6 54. Nc4+ Kc7 55. Qd6+ Kc8 56. Qc5+ (56. Qf8+ $142 Kd7 57. Qxg7+ Ke8 58. Qg6+ Kd8 59. Qf6+ Ke8 60. Qg6+ Ke7 61. Qd6+ Ke8 62. Qxb4) 56... Kd8 57. Qf8+ Kc7 (57... Qe8 $142 58. Qxb4 Qe4+ 59. Kg1 g3 60. fxg3 Qd4+ 61. Kg2 Qd5+ 62. Kf2 Qd4+ 63. Kf3 Qd1+ 64. Kf4 Qf1+ 65. Ke4 Qg2+ 66. Kd4 Qf2+ 67. Ke4 Qg2+ 68. Kf5 Qf2+ 69. Kg6 Qxg3+ 70. Kh7 Qd3+ 71. Kh8 Qd5) 58. Qxg7+ Kd8 59. Qd4+ Kc7 60. Ne5 (60. Qe5+ $142 Qxe5 61. Nxe5 h5 62. Kg3 Kd6 63. Nd3 Kd5 64. Nxb4+ Ke4 65. Kh4) 60... Qxa2 61. Qd7+ {White mates.} Kb6 62. Qc6+ Ka7 63. Qb5 Ka8 64. Nc6 {[%csl Gc6][%cal Rb5b8] White used his chance.  Weighted Error Value: White=0.42/Black=0.84} 1-0